Kvantitatívny rast bez zásadných štrukturálnych zmien
Slovenská ekonomika v r. 1995. Vzrast HDP podporil domáci a zahraničný dopyt. Rast produkcie v spracovateľskom priemysle a stavebníctve, pokles v poľnohospodárstve a doprave. Zvýšenie vývozu, dovozu a investícií. Vývoj miezd.
Enregistré dans:
| Auteur principal: | |
|---|---|
| Format: | Chapitre de livre |
| Langue: | slovaque |
| Sujets: | |
| Tags: |
Pas de tags, Soyez le premier à ajouter un tag!
|
MARC
| LEADER | 00000naa a2200000 4500 | ||
|---|---|---|---|
| 001 | r019028 | ||
| 005 | 20230921074441.6 | ||
| 041 | 0 | |a slo | |
| 044 | |a SK | ||
| 245 | 1 | 0 | |a Kvantitatívny rast bez zásadných štrukturálnych zmien |c J. Kovalčík |
| 520 | |a Slovenská ekonomika v r. 1995. Vzrast HDP podporil domáci a zahraničný dopyt. Rast produkcie v spracovateľskom priemysle a stavebníctve, pokles v poľnohospodárstve a doprave. Zvýšenie vývozu, dovozu a investícií. Vývoj miezd. | ||
| 610 | 2 | 0 | |a Slovensko |
| 610 | 2 | 0 | |a vývoj hospodársky |
| 610 | 2 | 0 | |a 1995 |
| 610 | 2 | 0 | |a produkt domáci hrubý |
| 610 | 2 | 0 | |a vývoz |
| 610 | 2 | 0 | |a dovoz |
| 610 | 2 | 0 | |a poľnohospodárstvo |
| 610 | 2 | 0 | |a priemysel |
| 610 | 2 | 0 | |a dopyt |
| 610 | 2 | 0 | |a produkcia |
| 610 | 2 | 0 | |a investície |
| 610 | 2 | 0 | |a mzdy |
| 610 | 2 | 0 | |a údaje štatistické |
| 100 | 1 | |a Kovalčík, J. | |